| 000 | 00369nam a22001577a 4500 | ||
|---|---|---|---|
| 999 |
_c881 _d881 |
||
| 008 | 191227b ||||| |||| 00| 0 eng d | ||
| 082 | 0 | 0 | _a621.75 |
| 100 |
_9442 _aPull, E |
||
| 245 | 1 | 0 |
_aWorkshop practice _cby E Pull |
| 250 | _a9th | ||
| 260 |
_aLondon _bTechnical press _c1952 |
||
| 300 | _axv,150p. | ||
| 365 | _b13.00 | ||
| 650 | 0 | _aWorkshop Technology | |
| 942 | _cBK | ||